[Event "Tournament 14472 - Europe Echecs"]
[Site "Europe Echecs"]
[Date "2020.07.10"]
[Round "1"]
[Time "14:05:03"]
[PlyCount "21"]
[White "MiomandreMouni"]
[Black "GlemeeMalo"]
[WhiteElo "1062"]
[BlackElo "1474"]
[Mode "WEB"]
[Result "0-1"]

1. e4 d5 2. exd5 Nf6 3. Nc3 Nxd5 4. Nf3 Nxc3 5. bxc3 Bg4 6. h3 Bh5 7. Bc4 Nc6 8.
O-O e6 9. d4 Bd6 10. Be3 O-O {MiomandreMouni a perdu au temps} 0-1

[Event "Tournament 14472 - Europe Echecs"]
[Site "Europe Echecs"]
[Date "2020.07.10"]
[Round "1"]
[Time "14:05:03"]
[PlyCount "132"]
[White "MartellierChar"]
[Black "GerardKelian"]
[WhiteElo "1468"]
[BlackElo "1056"]
[Mode "WEB"]
[Result "1-0"]

1. Nf3 e6 2. d4 d5 3. c4 c5 4. cxd5 exd5 5. Nc3 Nc6 6. dxc5 Bxc5 7. Qxd5 Bb4 8.
Qxd8+ Nxd8 9. Bd2 Nc6 10. Nd5 Bxd2+ 11. Kxd2 Kd7 12. Rd1 Nf6 13. Kc1 Ne4 14.
Nc3+ Nd6 15. Nb5 Ke7 16. Nxd6 Rd8 17. Nxc8+ Raxc8 18. Rxd8 Rxd8 19. e3 Nb4 20.
a3 Nd5 21. Be2 Nb6 22. Rd1 Rc8+ 23. Kb1 Rc6 24. Rc1 Rd6 25. Nd4 Rf6 26. Rc7+ Kd6
27. Rxb7 Kc5 28. Bf3 a6 29. Rc7+ Kd6 30. Rc6+ Ke7 31. Rxf6 Kxf6 32. Bb7 a5 33.
Kc2 Nc4 34. Bd5 Nb6 35. Bf3 Ke5 36. b4 axb4 37. axb4 Kd6 38. Nf5+ Ke6 39. Nxg7+
Kf6 40. Nh5+ Kg5 41. Nf4 Nc4 42. Bd5 Na3+ 43. Kb3 Nb5 44. Bxf7 Nd6 45. Bg8 h5
46. Nxh5 Kxh5 47. Bc4 Ne4 48. f3 Nd2+ 49. Kc3 Nb1+ 50. Kd4 Na3 51. b5 Kg6 52. b6
Nc2+ 53. Kd5 Nxe3+ 54. Kc5 Nf5 55. Bd3 Kg5 56. Bxf5 Kxf5 57. b7 Kf4 58. b8=Q+
Ke3 59. f4 Kf2 60. f5 Kxg2 61. f6 Kf3 62. f7 Ke3 63. Qe5+ Kf3 64. f8=Q+ Kg4 65.
Qeg7+ Kh3 66. Qfh8# {GerardKelian est échec et mat} 1-0

[Event "Tournament 14472 - Europe Echecs"]
[Site "Europe Echecs"]
[Date "2020.07.10"]
[Round "1"]
[Time "14:05:03"]
[PlyCount "178"]
[White "MolinesMartin"]
[Black "TomasMaureen"]
[WhiteElo "1033"]
[BlackElo "1468"]
[Mode "WEB"]
[Result "1/2-1/2"]

1. e4 e5 2. Nf3 Nc6 3. Bc4 Bc5 4. d3 Nf6 5. Bg5 O-O 6. Nc3 Be7 7. Bxf6 Bxf6 8.
Nd5 d6 9. Nxf6+ Qxf6 10. h3 a6 11. O-O Be6 12. Bb3 Bxb3 13. axb3 Rfe8 14. Re1
Qe6 15. c3 Na7 16. d4 exd4 17. cxd4 Nb5 18. d5 Qf6 19. Qd2 Re7 20. Ra4 h6 21.
Nd4 Nxd4 22. Qxd4 Qxd4 23. Rxd4 Rae8 24. f3 f5 25. Rc4 fxe4 26. fxe4 Kh7 27. Kf2
Kg6 28. Kf3 Kg5 29. Kg3 Kg6 30. Kf4 Rf8+ 31. Kg3 Kg5 32. Rc2 Rf4 33. Kh2 Rfxe4
34. Rxe4 Rxe4 35. Rxc7 Re2 36. Rxb7 Rxb2 37. Rb6 Kf4 38. Rxa6 Rxb3 39. Rxd6 Rd3
40. Rd7 g5 41. Rd8 Ke5 42. Rh8 Rxd5 43. Rxh6 Kf4 44. Rf6+ Ke5 45. Rg6 Kf5 46.
Rh6 Rd2 47. Rh5 Kf4 48. Rh8 Ra2 49. Rf8+ Ke5 50. Re8+ Kf4 51. Rb8 Ra1 52. Rb3
Ra2 53. Rf3+ Ke4 54. Kg3 Ra5 55. h4 gxh4+ 56. Kxh4 Ra8 57. Kg3 Rg8+ 58. Kf2 Rg4
59. g3 Rg6 60. Kg2 Ra6 61. g4 Rg6 62. Kg3 Rg7 63. Rf4+ Ke5 64. Kf3 Rg6 65. Rf5+
Ke6 66. Kf4 Ke7 67. g5 Ke6 68. Re5+ Kf7 69. Kf5 Rg8 70. Re6 Ra8 71. g6+ Kg7 72.
Re7+ Kg8 73. Kf6 Ra6+ 74. Re6 Ra8 75. Re7 Rf8+ 76. Kg5 Ra8 77. g7 Ra6 78. Kh5
Rb6 79. Kg5 Ra6 80. Kf5 Rb6 81. Kg4 Ra6 82. Kf4 Rb6 83. Ke4 Ra6 84. Kd4 Rb6 85.
Kc5 Rg6 86. Kd5 Rxg7 87. Re8+ Kf7 88. Re5 Kf6 89. Re6+ {Nulle par accord mutuel} 1/2-1/2

[Event "Tournament 14472 - Europe Echecs"]
[Site "Europe Echecs"]
[Date "2020.07.10"]
[Round "1"]
[Time "14:05:03"]
[PlyCount "66"]
[White "RavenelTangi"]
[Black "RevillardValen"]
[WhiteElo "1463"]
[BlackElo "1005"]
[Mode "WEB"]
[Result "1-0"]

1. c4 e5 2. Nc3 Nc6 3. g3 Nf6 4. Bg2 Bc5 5. Nf3 d5 6. cxd5 Nxd5 7. O-O Nxc3 8.
bxc3 O-O 9. d3 Bg4 10. h3 Bxf3 11. Bxf3 Qd7 12. Kh2 Rad8 13. Rb1 b6 14. Bd2 Ne7
15. c4 f5 16. Rb2 Bd4 17. Rc2 a5 18. Bc3 Bxc3 19. Rxc3 e4 20. Bg2 exd3 21. Rxd3
Qe6 22. Rxd8 Rxd8 23. Qxd8+ Kf7 24. Bd5 Nxd5 25. Qxd5 Kf6 26. Qxe6+ Kxe6 27. Rd1
g5 28. Kg2 h5 29. Kf3 Ke5 30. Rd8 g4+ 31. hxg4 hxg4+ 32. Ke3 f4+ 33. gxf4+ {RevillardValen a abandonné} 1-0

[Event "Tournament 14472 - Europe Echecs"]
[Site "Europe Echecs"]
[Date "2020.07.10"]
[Round "1"]
[Time "14:05:03"]
[PlyCount "29"]
[White "LabordeAntonn"]
[Black "ThibaudetVince"]
[WhiteElo "1002"]
[BlackElo "1450"]
[Mode "WEB"]
[Result "0-1"]

1. e4 d5 2. exd5 Nf6 3. Nc3 Nxd5 4. Bc4 Be6 5. Nxd5 Bxd5 6. b3 Bxg2 7. Qh5 e6 8.
Qb5+ Nd7 9. Bb2 Bxh1 10. O-O-O Qe7 11. Ne2 Bc6 12. Qa5 Qc5 13. Qxc7 Bd6 14. Qxd6
Qxd6 {LabordeAntonn a perdu au temps} 0-1

[Event "Tournament 14472 - Europe Echecs"]
[Site "Europe Echecs"]
[Date "2020.07.10"]
[Round "1"]
[Time "14:05:03"]
[PlyCount "40"]
[White "GalhaudVictor"]
[Black "CayauNolanMael"]
[WhiteElo "1446"]
[BlackElo "999"]
[Mode "WEB"]
[Result "1-0"]

1. Nf3 e5 2. Nxe5 Nh6 3. e4 Bc5 4. d4 Bb4+ 5. Bd2 Bd6 6. Nc4 Rg8 7. Nxd6+ cxd6
8. Bc4 d5 9. Bxd5 Rf8 10. Nc3 d6 11. O-O Ng4 12. h3 h5 13. hxg4 hxg4 14. Bf4 Rh8
15. f3 gxf3 16. Qxf3 Qh4 17. Bxd6 Bh3 18. Qxf7+ Kd8 19. Qc7+ Ke8 20. Bf7# {CayauNolanMael est échec et mat} 1-0

[Event "Tournament 14472 - Europe Echecs"]
[Site "Europe Echecs"]
[Date "2020.07.10"]
[Round "2"]
[Time "14:35:42"]
[PlyCount "44"]
[White "MathieuPhileas"]
[Black "LonckeMatthieu"]
[WhiteElo "2214"]
[BlackElo "1726"]
[Mode "WEB"]
[Result "1-0"]

1. e4 c6 2. Nc3 d5 3. Nf3 Bg4 4. h3 Bxf3 5. Qxf3 e6 6. d3 Nf6 7. g3 Nbd7 8. Bg2
Be7 9. O-O O-O 10. Qe2 dxe4 11. dxe4 Qc7 12. Be3 Rfd8 13. f4 e5 14. Kh1 Bc5 15.
fxe5 Qxe5 16. Rf5 Qe7 17. e5 Re8 18. Re1 Bxe3 19. Qxe3 Qc5 20. Qxc5 Nxc5 21.
Ref1 Nfd7 22. b4 {LonckeMatthieu a perdu au temps} 1-0

[Event "Tournament 14472 - Europe Echecs"]
[Site "Europe Echecs"]
[Date "2020.07.10"]
[Round "2"]
[Time "14:35:42"]
[PlyCount "89"]
[White "SureauCorentin"]
[Black "KuhnClement"]
[WhiteElo "1686"]
[BlackElo "2150"]
[Mode "WEB"]
[Result "0-1"]

1. e4 c5 2. Nf3 Nc6 3. d4 cxd4 4. Nxd4 e5 5. Nb5 d6 6. N1c3 a6 7. Na3 b5 8. Nd5
Nge7 9. c4 Nd4 10. Be3 Nxd5 11. cxd5 g6 12. Bxd4 exd4 13. Qxd4 Qa5+ 14. Qd2
Qxd2+ 15. Kxd2 Bg7 16. Rb1 O-O 17. Be2 f5 18. f3 fxe4 19. fxe4 Rf2 20. b3 Rxg2
21. Nc2 Bg4 22. Rbe1 Re8 23. Kd3 Bxe2+ 24. Rxe2 Rxe2 25. Kxe2 Rxe4+ 26. Kd3 Re5
27. Ne3 h5 28. Rg1 Kh7 29. Rg3 Bh6 30. Kd4 Bxe3+ 31. Rxe3 Rxe3 32. Kxe3 g5 33.
Ke4 Kg6 34. h3 Kf6 35. a3 Kg6 36. a4 bxa4 37. bxa4 a5 38. Kd4 Kf5 39. Kc4 g4 40.
hxg4+ hxg4 41. Kb5 g3 42. Kxa5 g2 43. Kb5 g1=Q 44. a5 Qa7 {SureauCorentin a abandonné} 0-1

[Event "Tournament 14472 - Europe Echecs"]
[Site "Europe Echecs"]
[Date "2020.07.10"]
[Round "2"]
[Time "14:35:42"]
[PlyCount "90"]
[White "CandelotClemen"]
[Black "DintronoNoe"]
[WhiteElo "2089"]
[BlackElo "1685"]
[Mode "WEB"]
[Result "1-0"]

1. e4 Nc6 2. Nf3 f5 3. e5 d6 4. exd6 e5 5. d4 cxd6 6. dxe5 dxe5 7. Qxd8+ Kxd8 8.
Bc4 Nf6 9. O-O Bc5 10. c3 h6 11. b4 Bd6 12. Rd1 Ke7 13. Na3 a6 14. Bb2 b5 15.
Bb3 Be6 16. Nh4 Bxb3 17. Nxf5+ Kf8 18. Rxd6 Bd5 19. Ne3 Ke7 20. Rxd5 Nxd5 21.
Nxd5+ Kf7 22. Ne3 Rad8 23. Nac2 Rd2 24. Kf1 Rhd8 25. Ke1 Ne7 26. a4 Ng6 27. g3
e4 28. axb5 axb5 29. Ra7+ R2d7 30. Rxd7+ Rxd7 31. Nd4 Ne5 32. Ke2 Nd3 33. Ba3
Ra7 34. Nxb5 Ra8 35. f3 Ne5 36. fxe4 Kg6 37. c4 Rd8 38. Bb2 Nc6 39. Bc3 Ra8 40.
Nd5 Ra2+ 41. Ke3 Rxh2 42. Nd6 Rc2 43. b5 Nb8 44. Kd4 Rg2 45. Nf4+ {DintronoNoe a abandonné} 1-0

[Event "Tournament 14472 - Europe Echecs"]
[Site "Europe Echecs"]
[Date "2020.07.10"]
[Round "2"]
[Time "14:35:42"]
[PlyCount "99"]
[White "BretonVadim"]
[Black "RobertYoann"]
[WhiteElo "1669"]
[BlackElo "2071"]
[Mode "WEB"]
[Result "0-1"]

1. e4 c5 2. Nf3 Nc6 3. Bb5 d6 4. Bxc6+ bxc6 5. d4 cxd4 6. Nxd4 c5 7. Nf3 g6 8.
O-O Bg7 9. h3 Nf6 10. Nc3 O-O 11. Be3 Rb8 12. Rb1 Bb7 13. e5 Ne8 14. Bf4 Bxf3
15. Qxf3 dxe5 16. Be3 Qa5 17. Ne4 Rc8 18. a3 Nd6 19. b4 cxb4 20. axb4 Qb5 21.
Nxd6 exd6 22. Rfd1 Rfd8 23. Bg5 Rd7 24. Rd5 Qc4 25. Rbd1 e4 26. Qg4 f5 27. Qh4
Qxc2 28. Rxd6 Qxd1+ 29. Rxd1 Rxd1+ 30. Kh2 Rc4 31. Bf6 Rd7 32. Bxg7 Kxg7 33. Qg3
Rxb4 34. Qc3+ Rbd4 35. g4 f4 36. Qc1 e3 37. Kg2 Rd2 38. Qc3+ Kh6 39. g5+ Kh5 40.
Kf1 Rxf2+ 41. Ke1 Rfd2 42. Qc8 f3 43. Qf8 f2+ 44. Kf1 Rd1+ 45. Kg2 f1=Q+ 46. Kg3
Qxf8 47. h4 Rg1+ 48. Kh3 Qf3+ 49. Kh2 Qg2# {BretonVadim est échec et mat} 0-1

[Event "Tournament 14472 - Europe Echecs"]
[Site "Europe Echecs"]
[Date "2020.07.10"]
[Round "2"]
[Time "14:35:42"]
[PlyCount "54"]
[White "AdrianLeopold"]
[Black "VerhilleGabin"]
[WhiteElo "2061"]
[BlackElo "1660"]
[Mode "WEB"]
[Result "1-0"]

1. c4 e6 2. g3 d5 3. d4 Nf6 4. Bg2 Be7 5. Nf3 O-O 6. O-O b6 7. Nc3 Bb7 8. cxd5
exd5 9. Ne5 Nbd7 10. Bf4 Re8 11. Qa4 Nxe5 12. dxe5 Ne4 13. Nxe4 dxe4 14. Rfd1
Qc8 15. Bxe4 Bxe4 16. Qxe4 Bc5 17. b4 Bf8 18. Rac1 Qa6 19. Rxc7 Qxa2 20. Rdd7
Red8 21. Rxf7 Qxf7 22. Rxf7 Kxf7 23. Qxh7 Bxb4 24. Bh6 Bf8 25. e6+ Kf6 26. e7
Kxe7 27. Bg5+ {VerhilleGabin a abandonné} 1-0

[Event "Tournament 14472 - Europe Echecs"]
[Site "Europe Echecs"]
[Date "2020.07.10"]
[Round "2"]
[Time "14:35:42"]
[PlyCount "126"]
[White "AtliCeline"]
[Black "CuttoliAlexand"]
[WhiteElo "1640"]
[BlackElo "2044"]
[Mode "WEB"]
[Result "1-0"]

1. d4 Nf6 2. Nf3 g6 3. c4 Bg7 4. Nc3 O-O 5. Bg5 d6 6. e3 Bg4 7. Be2 c6 8. h3
Bxf3 9. Bxf3 Qa5 10. Bh4 e5 11. O-O Nbd7 12. d5 Qc7 13. Rc1 a5 14. Qa4 Nc5 15.
Qc2 Ne8 16. Rfd1 f5 17. Bg3 Nf6 18. dxc6 bxc6 19. Na4 Nce4 20. Bh2 Ng5 21. Be2
Rae8 22. Qd3 Nfe4 23. Nc3 Nxc3 24. Qxc3 Ne4 25. Qd3 Re6 26. Bf3 Nc5 27. Qd2 Rd8
28. b3 e4 29. Be2 Qe7 30. Qxa5 Nb7 31. Qd2 d5 32. cxd5 Rxd5 33. Qc2 Rc5 34. Qd2
Rxc1 35. Rxc1 Nc5 36. Bc4 Nd7 37. Bxe6+ Qxe6 38. Qc2 c5 39. Qc4 Qxc4 40. Rxc4
Kf7 41. Kf1 Ke6 42. Ke2 Kd5 43. Kd2 Nb6 44. Rc1 c4 45. bxc4+ Nxc4+ 46. Kc2 g5
47. Kb3 Na5+ 48. Kb4 Nc6+ 49. Kb5 Na7+ 50. Kb6 Nc8+ 51. Ka6 Ne7 52. a4 Nc6 53.
Kb5 Ne7 54. a5 Bh6 55. a6 f4 56. exf4 gxf4 57. Rc5+ Ke6 58. a7 e3 59. fxe3 fxe3
60. a8=Q e2 61. Qa6+ Kf7 62. Qa2+ Kf8 63. Qxe2 {CuttoliAlexand a abandonné} 1-0

[Event "Tournament 14472 - Europe Echecs"]
[Site "Europe Echecs"]
[Date "2020.07.10"]
[Round "2"]
[Time "14:35:42"]
[PlyCount "146"]
[White "SumarrivaPauliL"]
[Black "BietteAntonin"]
[WhiteElo "2023"]
[BlackElo "1569"]
[Mode "WEB"]
[Result "1-0"]

1. d4 d5 2. c4 dxc4 3. e3 Nf6 4. Bxc4 Bf5 5. Qb3 e6 6. Qxb7 Be4 7. Bb5+ Nbd7 8.
Bc6 Rb8 9. Qa6 Rb6 10. Bxd7+ Qxd7 11. Qf1 Bb4+ 12. Bd2 Bxb1 13. Bxb4 Qa4 14. Bc3
Rxb2 15. Nf3 Ne4 16. Bd2 Qc2 17. Qe2 Nxd2 18. Nxd2 Bxa2 19. Rd1 Bc4 20. Qxc4
Qxc4 21. Nxc4 Rc2 22. Ne5 Rg8 23. O-O f6 24. Nd3 Ke7 25. Rc1 Rxc1 26. Rxc1 Kd6
27. Nc5 Ra8 28. g3 a5 29. Ra1 e5 30. Nb7+ Kc6 31. Nxa5+ Kb5 32. Nb3 Rxa1+ 33.
Nxa1 Kc4 34. Nc2 Kb3 35. Ne1 exd4 36. exd4 Kc4 37. Nf3 g5 38. g4 Kd5 39. Kf1 Ke4
40. Ke2 h6 41. h4 gxh4 42. Nxh4 Kxd4 43. Nf5+ Ke5 44. Nxh6 Kf4 45. f3 c5 46. Nf5
c4 47. Nd4 Ke5 48. Ke3 c3 49. Nc2 f5 50. gxf5 Kxf5 51. Kd3 Kf4 52. Ne1 c2 53.
Kxc2 Ke3 54. Kc3 Kf4 55. Kd4 Kf5 56. Ke3 Ke5 57. f4+ Kf5 58. Nf3 Kf6 59. Ke4 Ke6
60. f5+ Kf6 61. Nd4 Kf7 62. Ke5 Ke7 63. f6+ Kf7 64. Nc6 Kf8 65. Ke6 Ke8 66. f7+
Kf8 67. Nd4 Kg7 68. Ke7 Kh7 69. f8=Q Kg6 70. Qf5+ Kg7 71. Qg5+ Kh8 72. Nf5 Kh7
73. Qg7# {BietteAntonin est échec et mat} 1-0

[Event "Tournament 14472 - Europe Echecs"]
[Site "Europe Echecs"]
[Date "2020.07.10"]
[Round "2"]
[Time "14:35:42"]
[PlyCount "105"]
[White "LaposteNicolas"]
[Black "CavaillesEvan"]
[WhiteElo "1616"]
[BlackElo "2018"]
[Mode "WEB"]
[Result "0-1"]

1. e4 c5 2. Nc3 Nc6 3. Bb5 Nd4 4. Nf3 a6 5. Bd3 g6 6. b3 Bg7 7. Bb2 e6 8. O-O
Ne7 9. Rb1 Nec6 10. Re1 O-O 11. Bf1 b6 12. a3 d6 13. g3 Bb7 14. Bg2 Nxf3+ 15.
Bxf3 Nd4 16. Bg2 Qc7 17. Ba1 f5 18. Ne2 Nxe2+ 19. Qxe2 e5 20. Rbd1 f4 21. c3 Rf7
22. d4 Raf8 23. f3 fxg3 24. hxg3 Rd7 25. Rd3 Rfd8 26. Red1 b5 27. R3d2 exd4 28.
cxd4 d5 29. dxc5 Bxa1 30. Rxa1 Qxc5+ 31. Kf1 dxe4 32. Rxd7 Rxd7 33. fxe4 Rf7+
34. Ke1 Qc3+ 35. Qd2 Qxa1+ 36. Ke2 Qf6 37. Kd1 Bc6 38. b4 Rd7 39. e5 Rxd2+ 40.
Kxd2 Qf2+ 41. Kd3 Qxg2 42. Kd4 Qd5+ 43. Ke3 Qxe5+ 44. Kd2 Qxg3 45. Kc2 Kf7 46.
Kd2 Ke6 47. Kc2 Kd5 48. Kd2 Kd4 49. Kc2 Qc3+ 50. Kb1 Qd2 51. Ka1 Kc3 52. a4 Qb2# {LaposteNicolas est échec et mat} 0-1

[Event "Tournament 14472 - Europe Echecs"]
[Site "Europe Echecs"]
[Date "2020.07.10"]
[Round "2"]
[Time "14:35:42"]
[PlyCount "52"]
[White "ArhanTanguy"]
[Black "RenaudinAxelle"]
[WhiteElo "2016"]
[BlackElo "1526"]
[Mode "WEB"]
[Result "1-0"]

1. e4 c6 2. d4 d5 3. exd5 cxd5 4. Bd3 Nf6 5. c3 Nc6 6. Bf4 e6 7. Nf3 Bd6 8. Bxd6
Qxd6 9. O-O O-O 10. Re1 b6 11. Ne5 Bb7 12. f4 Ne7 13. Nd2 Rfe8 14. g4 Ng6 15. g5
Nxf4 16. gxf6 gxf6 17. Qg4+ Ng6 18. Nxg6 fxg6 19. Bxg6 hxg6 20. Qxg6+ Kf8 21.
Qxf6+ Kg8 22. Re5 Qe7 23. Rg5+ Kh7 24. Qg6+ Kh8 25. Rh5+ Qh7 26. Qxh7# {RenaudinAxelle est échec et mat} 1-0

[Event "Tournament 14472 - Europe Echecs"]
[Site "Europe Echecs"]
[Date "2020.07.10"]
[Round "2"]
[Time "14:35:42"]
[PlyCount "65"]
[White "ChardonHeremoa"]
[Black "LambachMaxime"]
[WhiteElo "1600"]
[BlackElo "1980"]
[Mode "WEB"]
[Result "0-1"]

1. e4 c5 2. Bc4 d6 3. d3 Nf6 4. Nc3 e6 5. Nf3 Be7 6. O-O a6 7. h3 b5 8. Bb3 Bb7
9. Bf4 O-O 10. Ne2 Nbd7 11. c3 Nb6 12. e5 dxe5 13. Bxe5 Bxf3 14. gxf3 Qd7 15.
Bxf6 Bxf6 16. Ng3 Rfd8 17. Bc2 Rac8 18. Qe2 Nd5 19. Rad1 g6 20. Qe4 Bg7 21. Kg2
e5 22. Rh1 Nf4+ 23. Kf1 Re8 24. h4 f5 25. Qe3 Nd5 26. Qe2 Nf4 27. Qe3 Ne6 28. h5
f4 29. Qe4 fxg3 30. hxg6 Ng5 31. gxh7+ Kh8 32. Qe3 Qe7 {ChardonHeremoa a perdu au temps} 0-1

[Event "Tournament 14472 - Europe Echecs"]
[Site "Europe Echecs"]
[Date "2020.07.10"]
[Round "2"]
[Time "14:35:42"]
[PlyCount "84"]
[White "RebutPaul"]
[Black "BrunThomas"]
[WhiteElo "1966"]
[BlackElo "1511"]
[Mode "WEB"]
[Result "1/2-1/2"]

1. d4 Nf6 2. Bf4 e6 3. e3 d5 4. Nd2 Bd6 5. Bg3 O-O 6. Ngf3 Ne4 7. Bd3 f5 8. c4
Bb4 9. O-O Nxg3 10. hxg3 c5 11. a3 Bxd2 12. Qxd2 dxc4 13. Bxc4 cxd4 14. Qxd4 Qe7
15. Ne5 Kh8 16. Rfd1 Nc6 17. Nxc6 bxc6 18. Qd6 Qf6 19. Qxc6 Rb8 20. b4 Rb6 21.
Qa4 a6 22. Rac1 e5 23. Qa5 Bb7 24. f4 exf4 25. gxf4 Rc8 26. Bd5 Rxc1 27. Rxc1
Qb2 28. Qxb6 Qxc1+ 29. Kh2 Bxd5 30. Qd8+ Bg8 31. a4 Qxe3 32. Qb8 h6 33. b5 axb5
34. axb5 g5 35. b6 gxf4 36. b7 Qg3+ 37. Kh1 Qe1+ 38. Kh2 Qg3+ 39. Kg1 Qe1+ 40.
Kh2 Qh4+ 41. Kg1 Qe1+ 42. Kh2 {Nulle par répétition} 1/2-1/2

[Event "Tournament 14472 - Europe Echecs"]
[Site "Europe Echecs"]
[Date "2020.07.10"]
[Round "2"]
[Time "14:35:42"]
[PlyCount "78"]
[White "RobichonPierre"]
[Black "BurgalatEliot"]
[WhiteElo "1573"]
[BlackElo "1963"]
[Mode "WEB"]
[Result "1-0"]

1. d4 e6 2. c4 Nf6 3. Nc3 d5 4. Bg5 Be7 5. e3 O-O 6. Nf3 b6 7. Bxf6 Bxf6 8. cxd5
exd5 9. Be2 Bg4 10. h3 Bh5 11. O-O Re8 12. Rc1 c6 13. b4 Bg6 14. Qb3 Be4 15.
Nxe4 dxe4 16. Nd2 Qd6 17. Bc4 Qc7 18. d5 c5 19. d6 Qxd6 20. Bxf7+ Kh8 21. Nc4
Qe7 22. Bxe8 Qxe8 23. Nd6 Qf8 24. Nf7+ Kg8 25. Nh6+ Kh8 26. Nf7+ Kg8 27. Nd6+
Kh8 28. Nxe4 Na6 29. Nxf6 Qxf6 30. bxc5 Nxc5 31. Qd5 Rd8 32. Qf3 Qe7 33. Rfd1
Rf8 34. Qg3 Ne4 35. Qc7 Qf6 36. f3 Nc5 37. Qxa7 Qe6 38. e4 Qxa2 39. Qxa2 {BurgalatEliot a abandonné} 1-0

[Event "Tournament 14472 - Europe Echecs"]
[Site "Europe Echecs"]
[Date "2020.07.10"]
[Round "2"]
[Time "14:35:42"]
[PlyCount "240"]
[White "LecciaAntoine"]
[Black "DelageJonas"]
[WhiteElo "1950"]
[BlackElo "1491"]
[Mode "WEB"]
[Result "1/2-1/2"]

1. d4 Nf6 2. Nf3 e6 3. e3 d5 4. Bd3 c5 5. b3 Be7 6. O-O Nc6 7. Bb2 O-O 8. Nbd2
b6 9. dxc5 bxc5 10. a3 Qc7 11. c4 Ba6 12. Qe2 Rfd8 13. e4 d4 14. e5 Nd7 15. Rfe1
Re8 16. b4 Rab8 17. b5 Nd8 18. Ne4 Bb7 19. Ng3 f6 20. Bc1 Bxf3 21. Qxf3 Nxe5 22.
Bxh7+ Kf8 23. Qh5 Nef7 24. Bg6 Rb6 25. Qh7 Bd6 26. Nh5 Ke7 27. Nxg7 Rf8 28. Nf5+
Kd7 29. Nxd6 Qxd6 30. g3 Kc8 31. Be4 Ng5 32. Qxa7 Nxe4 33. Qa8+ Rb8 34. Qxe4 e5
35. f4 Re8 36. fxe5 Rxe5 37. Qg4+ Ne6 38. Rxe5 fxe5 39. Bd2 Rb7 40. Rf1 Re7 41.
Rf6 Kd7 42. Qf5 Kc7 43. Ba5+ Kb7 44. Rf7 Ng7 45. Qe4+ Kb8 46. Rf8+ Re8 47. Rf7
Re7 48. Rf1 Qe6 49. Rf8+ Re8 50. Rxe8+ Qxe8 51. a4 Qe7 52. Qd5 Ne8 53. Bd2 Nd6
54. a5 Nf5 55. a6 Ne3 56. Qg8+ Ka7 57. Qc8 Nxc4 58. Be1 Nb6 59. Qf5 Nd7 60. Qb1
c4 61. Ba5 Qc5 62. Bd8 d3+ 63. Kg2 Qd5+ 64. Kh3 Qc5 65. b6+ Nxb6 66. Bxb6+ Qxb6
67. Qa2 Qh6+ 68. Kg2 Qc6+ 69. Kf2 Qxa6 70. Qb2 Qf6+ 71. Kg2 Qc6+ 72. Kf2 Qb6+
73. Qxb6+ Kxb6 74. h4 c3 75. Ke3 Kc5 76. Kxd3 Kb4 77. h5 Kb3 78. h6 c2 79. h7
c1=Q 80. h8=Q Qd1+ 81. Ke4 Qe2+ 82. Kf5 Qf3+ 83. Ke6 Qxg3 84. Qb8+ Kc4 85. Qc7+
Kd4 86. Qb6+ Ke4 87. Qb4+ Kf3 88. Qb3+ Kg2 89. Qd5+ Kf2 90. Qd2+ Kf3 91. Qd1+
Kf4 92. Qd4+ Kf3 93. Qc3+ Kf4 94. Qb4+ Kf3 95. Qb3+ Kf4 96. Qa4+ Kf3 97. Qc6+
Kf4 98. Qc1+ Kf3 99. Qf1+ Kg4 100. Qf5+ Kh4 101. Qh7+ Kg4 102. Qe4+ Qf4 103.
Qg2+ Qg3 104. Qe2+ Qf3 105. Qxe5 Qb3+ 106. Kf6 Qb6+ 107. Ke7 Qb7+ 108. Ke6 Qc8+
109. Kd5 Qb7+ 110. Kc5 Qc8+ 111. Kd4 Qd8+ 112. Ke4 Qa8+ 113. Kd3 Qa3+ 114. Kc4
Qa2+ 115. Kd3 Qb1+ 116. Kd2 Qa2+ 117. Ke3 Qb3+ 118. Kd4 Qb2+ 119. Kd5 Qxe5+ 120.
Kxe5 {Aucun joueur n'a le mat&eacute;riel pour mater} 1/2-1/2

[Event "Tournament 14472 - Europe Echecs"]
[Site "Europe Echecs"]
[Date "2020.07.10"]
[Round "2"]
[Time "14:35:42"]
[PlyCount "61"]
[White "DosSantosLilia"]
[Black "BabaudAntoine"]
[WhiteElo "1527"]
[BlackElo "1943"]
[Mode "WEB"]
[Result "0-1"]

1. e4 c5 2. Nf3 d6 3. d4 cxd4 4. Nxd4 Nf6 5. Nc3 e6 6. Be3 Be7 7. Be2 O-O 8. Qd2
Nc6 9. O-O-O d5 10. exd5 Nxd5 11. Nxd5 Qxd5 12. c4 Qd7 13. a3 a6 14. Bf3 Qc7 15.
h4 Ne5 16. Bf4 Qxc4+ 17. Kb1 Nxf3 18. Nxf3 Qb5 19. Nd4 Qd5 20. Rhe1 Bf6 21. Nf3
Qf5+ 22. Ka2 b5 23. Rg1 Bb7 24. Nd4 Qc5 25. Nb3 Bd5 26. Rc1 Qe7 27. f3 a5 28.
Qc2 a4 29. Ka1 axb3 30. Qd2 Qxa3+ {DosSantosLilia a perdu au temps} 0-1

[Event "Tournament 14472 - Europe Echecs"]
[Site "Europe Echecs"]
[Date "2020.07.10"]
[Round "2"]
[Time "14:35:42"]
[PlyCount "141"]
[White "HasslerTim"]
[Black "MartellierChar"]
[WhiteElo "1933"]
[BlackElo "1468"]
[Mode "WEB"]
[Result "0-1"]

1. e4 d5 2. exd5 Nf6 3. d4 Bg4 4. Be2 Bxe2 5. Qxe2 Qxd5 6. Nf3 Nc6 7. Nc3 Qh5 8.
Bf4 e6 9. O-O-O O-O-O 10. h3 Be7 11. Qc4 Nd5 12. g4 Qg6 13. Ne5 Nxe5 14. Bxe5
Bd6 15. Nxd5 exd5 16. Qxd5 Bxe5 17. Qxe5 Rhe8 18. Qc5 Re2 19. Rhe1 b6 20. Qc4
Rxf2 21. Re7 Rd7 22. Rxd7 Kxd7 23. Qd5+ Kc8 24. Qc4 Qf6 25. d5 Qf4+ 26. Qxf4
Rxf4 27. Rd3 Kd7 28. Kd2 Rf2+ 29. Kc3 Rf6 30. a3 Kd6 31. b4 a6 32. a4 Rf1 33.
Kc4 Ra1 34. Kb3 Re1 35. c3 Re5 36. Kc4 Re4+ 37. Rd4 Rxd4+ 38. Kxd4 g6 39. g5 c6
40. dxc6 Kxc6 41. Ke5 b5 42. a5 Kd7 43. Kf6 Ke8 44. h4 Kf8 45. Ke5 Ke7 46. Kd5
f6 47. gxf6+ Kxf6 48. Kc6 h6 49. Kb6 g5 50. hxg5+ hxg5 51. Kxa6 g4 52. Kxb5 g3
53. a6 g2 54. a7 g1=Q 55. a8=Q Qg5+ 56. Ka4 Qc1 57. Qf8+ Ke6 58. Qg8+ Kd6 59.
Qg6+ Kd5 60. Qf5+ Kd6 61. Qd3+ Kc6 62. b5+ Kb7 63. Qd7+ Kb8 64. Qd8+ Kb7 65. Kb4
Qb2+ 66. Kc4 Qa2+ 67. Kd4 Qd2+ 68. Kc4 Qxd8 69. Kb4 Qh4+ 70. c4 Kb6 {HasslerTim a abandonné} 0-1

[Event "Tournament 14472 - Europe Echecs"]
[Site "Europe Echecs"]
[Date "2020.07.10"]
[Round "2"]
[Time "14:35:42"]
[PlyCount "105"]
[White "GuignardJonath"]
[Black "BriandAmaury"]
[WhiteElo "1523"]
[BlackElo "1929"]
[Mode "WEB"]
[Result "0-1"]

1. d4 d5 2. c4 dxc4 3. e3 e5 4. Bxc4 exd4 5. exd4 Nf6 6. Nf3 Be7 7. O-O O-O 8.
Nc3 Bg4 9. Be3 Nc6 10. Kh1 Nb4 11. h3 Bh5 12. Be2 Nbd5 13. Ne5 Bxe2 14. Qxe2 c6
15. Qf3 Bd6 16. Bg5 Be7 17. Bxf6 Bxf6 18. Nxd5 cxd5 19. Rfe1 Rc8 20. Qd3 Re8 21.
Nf3 Qb6 22. b3 g6 23. Rxe8+ Rxe8 24. Re1 Rxe1+ 25. Nxe1 Qxd4 26. Qxd4 Bxd4 27.
f3 f5 28. Nc2 Bc5 29. b4 Bb6 30. g4 Kf7 31. Kg2 Ke6 32. Kf1 Ke5 33. Ke2 Kf4 34.
a4 a6 35. Ne1 Kg3 36. gxf5 gxf5 37. Nd3 h5 38. b5 a5 39. Ne5 Kxh3 40. Nd7 Bd4
41. Kd3 Bg7 42. Nc5 Kg3 43. Nxb7 h4 44. Nxa5 h3 45. b6 Be5 46. Nc6 Bd6 47. a5 h2
48. a6 h1=Q 49. a7 Qxf3+ 50. Kd4 Qe4+ 51. Kc3 Qc4+ 52. Kd2 Qxc6 {GuignardJonath a abandonné} 0-1

[Event "Tournament 14472 - Europe Echecs"]
[Site "Europe Echecs"]
[Date "2020.07.10"]
[Round "2"]
[Time "14:35:42"]
[PlyCount "76"]
[White "MartinezMartin"]
[Black "RavenelTangi"]
[WhiteElo "1917"]
[BlackElo "1463"]
[Mode "WEB"]
[Result "1-0"]

1. d4 Nf6 2. c4 g6 3. Nc3 Bg7 4. e4 d6 5. Nf3 O-O 6. Be2 Na6 7. O-O c5 8. d5 e6
9. Bg5 h6 10. Bh4 Rb8 11. Qd3 Nc7 12. dxe6 Bxe6 13. Rad1 a6 14. Qxd6 Qxd6 15.
Rxd6 b5 16. Rc6 Nce8 17. cxb5 axb5 18. e5 Nd5 19. Nxd5 Bxd5 20. Rxc5 Bxa2 21.
Be7 b4 22. Bc4 Bxc4 23. Rxc4 f6 24. Bxf8 Bxf8 25. exf6 Nxf6 26. Rc6 Bg7 27. Re1
Rb7 28. Ree6 Kf7 29. Ne5+ Kg8 30. Rxf6 Bxf6 31. Rxf6 Re7 32. Nf3 Kg7 33. Rb6 Rd7
34. g3 h5 35. Rxb4 Rd6 36. h4 Kf6 37. Ng5 Rd2 38. Ne4+ {RavenelTangi a abandonné} 1-0